000 00902nam a2200217 a 4500
001 000129516
003 AM-YEHGA
005 20250617122715.0
008 990421s1975 un a|||gr|||||||||0|rus|d
040 _aAM-YeHGA
041 0 _arus
245 0 0 _aНейробионика и проблемы биоэлектрического управления /
_cАН УССР, Ин-т кибернетики ; Отв. ред. К.А. Иванов-Муромский.
260 _aКиев :
_bИК АН УССР,
_c1975.
300 _a92 с. :
_bил.
650 1 4 _aБиоэлектрическое управление
_vСборники
650 1 4 _aНейробионика
_vСборники
700 1 _aИванов-Муромский, Кирилл Александрович
_eред.
_4edt
710 2 _aИнститут кибернетики АН УССР
942 _2udc
_cBK
090 _c43823
999 _c43120
_d43120